000 00591nam a2200253Ia 4500
003 OSt
005 20220918200627.0
006 a|||||r|||| 00| 0
007 ta
008 220917b |||||||| |||| 00| 0 eng d
024 _a89,613
037 _cTextual
040 _aARTS
_cARTS
_beng
041 _2eng
_aeng
082 _aU287, J8
110 _aUnesco
245 0 _aClimatology
_b reviews of research
260 _c1958
490 _aArid zone research; 10
650 _aGEOGRAPHY
700 _aUnesco
942 _hU287, J8
_cTEXL
_2CC
999 _c213283
_d213283